000 01117nam a22004217a 4500
001 BR0503503
003 BR-BrBNA
005 20230928101942.0
007 ta
008 230509b bl.||||| |||| 00| 0 por d
040 _aBR-BrBNA
_bpor
_cBiblioteca Nacional de Agricultura
041 _a(Por)
072 _aE51
090 _ E51 BR0503503
100 1 _aTorttelli, A.
100 1 _aAlano, F.
100 1 _aGeremias, F.M.
100 1 _aRossoni, M.
100 1 _aWeber, L.
100 1 _aGriselli, E.
100 1 _aWolf, M.E.D.
100 1 _aRochinski, M.
100 1 _aEscher, M.S.
100 1 _aRaimundo, H.R.
100 1 _aLorenzetti, L.
100 1 _aBianchini, V.(coords.)
245 1 _aPopulação e agricultura familiar na região sul
260 3 _aFlorianópolis, SC (Brasil):
_c2000.
300 _a145 p.
500 _a66 tables; 47 illus.; Numerical data
650 _aAGRICULTURA FAMILIAR
650 _aPOPULAÇÃO RURAL
650 _aLEVANTAMENTO POPULACIONAL
650 _aDADOS ESTATÍSTICOS
650 _aSUL
909 _a202309
_bLucia
_c55
_dLucia Elande
942 _cBK
999 _c68391
_d68391